Nigerian players in Premier League (2000-) - Statistics

General Stats
  • This quiz has been taken 53 times
  • The average score is 19 of 53
Answer Stats
Ranking Player Positions Nationality Matches Goals (assists) Periods Clubs % Correct
2 Alex Iwobi MF, FW 291 31 (36) 2015-2025
91%
4 John Obi Mikel MF 249 1 (10) 2006-2016
85%
8 Wilfred Ndidi DF, MF 220 7 (14) 2016-2022, 2024-2025
85%
10 Kelechi Iheanacho MF, FW 196 42 (25) 2015-2023
76%
5 Nwankwo Kanu FW 230 36 (23) 2000-2010
74%
20 Odion Ighalo FW 67 16 (3) 2015-2016, 2019-2021
72%
17 Ola Aina DF 91 5 (3) 2016-2017, 2020-2021, 2023-2025
72%
7 Victor Moses DF, MF, FW 220 20 (18) 2009-2019
72%
22 Calvin Bassey DF 64 2 (0) 2023-2025
70%
12 Jay-Jay Okocha MF 124 14 (11) 2002-2006
70%
18 Taiwo Awoniyi FW 73 17 (4) 2022-2025
70%
3 Yakubu Aiyegbeni FW 252 96 (26) 2003-2012
61%
19 Frank Onyeka MF 69 1 (4) 2021-2025
52%
6 Joseph Yobo DF 228 8 (2) 2002-2009, 2013-2014
50%
16 Obafemi Martins FW 91 28 (7) 2006-2008, 2010-2011
50%
15 Ademola Lookman MF, FW 96 11 (6) 2016-2018, 2020-2022
48%
25 Joe Aribo DF, MF, FW 53 5 (0) 2022-2023, 2024-2025
48%
9 Victor Anichebe FW 204 27 (13) 2005-2017
46%
36 Ahmed Musa MF, FW 21 2 (1) 2016-2017
43%
30 Paul Onuachu FW 36 4 (1) 2022-2023, 2024-2025
43%
1 Shola Ameobi FW 298 43 (20) 2000-2008, 2010-2015
43%
26 Emmanuel Dennis MF, FW 52 12 (8) 2021-2023
39%
13 Celestine Babayaro DF, MF 118 2 (11) 2000-2007
37%
11 Peter Odemwingie FW 129 36 (13) 2010-2016
37%
40 William Troost-Ekong DF, MF 17 0 (0) 2021-2022
28%
48 Leon Balogun DF 8 1 (0) 2018-2019
26%
31 Semi Ajayi DF 33 2 (0) 2020-2021
26%
39 Taribo West DF 18 0 (0) 2000-2001
26%
43 Emmanuel Emenike FW 13 0 (0) 2015-2016
24%
14 Dickson Etuhu MF 111 4 (3) 2007-2012
22%
24 Isaac Success MF, FW 54 2 (2) 2016-2017, 2018-2020
22%
45 Kelvin Etuhu MF, FW 10 1 (1) 2007-2009
22%
32 Nathan Tella DF, MF, FW 33 1 (2) 2019-2022
20%
42 Taye Taiwo DF 15 1 (2) 2011-2012
20%
35 Brown Ideye FW 24 4 (2) 2014-2015
17%
37 Gabriel Osho DF 21 2 (0) 2023-2024
17%
21 John Utaka MF, FW 65 7 (6) 2007-2010
17%
23 Ade Akinbiyi FW 61 11 (3) 2000-2001, 2006-2007
13%
53 Carl Ikeme GK 1 0 (0) 2011-2012
13%
27 Sone Aluko MF, FW 42 2 (3) 2013-2015
13%
34 Victor Obinna FW 25 3 (3) 2010-2011
13%
28 Danny Shittu DF 40 1 (0) 2006-2007, 2008-2009
11%
33 Finidi George MF, FW 25 6 (2) 2001-2002
11%
47 Oghenekaro Etebo MF, FW 9 0 (0) 2021-2022
11%
29 Seyi Olofinjana MF 37 3 (0) 2008-2010
11%
52 Blessing Kaku MF 1 0 (0) 2004-2005
9%
49 Isaac Okoronkwo DF 7 0 (0) 2003-2004
9%
41 Josh Maja FW 15 3 (0) 2020-2021
9%
38 Julius Aghahowa FW 20 0 (1) 2006-2008
9%
50 Samuel Kalu DF, MF, FW 4 0 (0) 2021-2022
9%
46 Hope Akpan MF 9 0 (3) 2012-2013
7%
51 Sam Sodje DF 3 0 (0) 2006-2007
7%
44 Ifeanyi Udeze DF 11 0 (0) 2002-2003
4%
No matching quizzes found
Score Distribution
Percent of People with Each Score
Percentile by Number Answered
Your Score History
You have not taken this quiz